| 000 | 00695nam a22002177a 4500 | ||
|---|---|---|---|
| 999 |
_c6898 _d6898 |
||
| 003 | AR-CdUCM | ||
| 008 | 190319b ||||| |||| 00| 0 spa d | ||
| 040 |
_aMUNICIPALIDAD PROVINCIAL DEL CUSCO _cBIBLIOTECA MUNICIPAL DEL CUSCO |
||
| 041 | _hdut | ||
| 082 |
_24ed. _a704 / _bG74 |
||
| 100 |
_aGore, Federick _919437 |
||
| 245 | _aArte Abstracto / | ||
| 260 |
_aMéxico : _bHermes ; _c1964. |
||
| 300 |
_a68 páginas ; _bFotografías _c18cm |
||
| 440 |
_aColección Tiempo y Color - Tendencias de la Pintura Moderna _919438 |
||
| 505 | _aContenido: Arte abstracto | ||
| 650 |
_aArte abstracto _98918 |
||
| 700 |
_aHorne, Matilde (traducción) _919439 |
||
| 942 |
_2ddc _cLIBROS |
||
| 945 | _anom | ||